| 000 | 00461nam a2200157 a 4500 | ||
|---|---|---|---|
| 005 | 20140412111247.0 | ||
| 008 | 010329s19uu xx 00 eng d | ||
| 050 |
_aTR(GS 510.76 _bM66 1985 |
||
| 100 | _aMoore, Jo Ellen | ||
| 245 |
_aProblem solving C : _breproducibles, level 3-4 / _cJo Ellen Moore & Joy Evans. |
||
| 260 |
_a[s.l.] : _bEvan-Moor Corp, _c1985. |
||
| 300 | _a32p. | ||
| 440 | _aEvan-Moor Math Series | ||
| 650 | _aMathematics | ||
| 999 |
_c102965 _d102965 |
||